Cabri-géomètre: un cahier de brouillon interactif pour l'apprentissage de la géomètrie manuel de l'utilisateur version 1.6 pour MS-DOS
Gespeichert in:
| Format: | Buch |
|---|---|
| Sprache: | Französisch |
| Veröffentlicht: |
Grenoble
Laboratoire de Structures Discretes et de Didactique
1991
|
| Schlagworte: | |
| Tags: |
Tag hinzufügen
Keine Tags, Fügen Sie den ersten Tag hinzu!
|
MARC
| LEADER | 00000nam a2200000 a 4500 | ||
|---|---|---|---|
| 001 | UCW1683 | ||
| 003 | CL-VaPUC | ||
| 008 | 921209e19910000FR |||||||||||||||||fre|d | ||
| 082 | 0 | 4 | |a 516.0028 |b CAB |2 21 |
| 245 | 1 | 0 | |a Cabri-géomètre: un cahier de brouillon interactif pour l'apprentissage de la géomètrie manuel de l'utilisateur version 1.6 pour MS-DOS |
| 300 | |a 93 p | ||
| 942 | |c BK | ||
| 945 | |d 19921209 00:00:00 | ||
| 260 | |a Grenoble |b Laboratoire de Structures Discretes et de Didactique |c 1991 | ||
| 650 | 7 | |a GEOMETRIA PROCESAMIENTO DE DATOS |2 CL-VaPUC |9 271341 | |
| 650 | 7 | |a SISTEMAS COMPUTACIONALES INTERACTIVOS |2 CL-VaPUC |9 271342 | |
| 583 | |a last modification |c 20120720 11:32:25 |k Rodrigo Vera | ||
| 999 | |c 216529 |d 216527 | ||
| 952 | |0 0 |1 0 |4 0 |6 516_002800000000000_CAB_1991 |7 0 |8 A |9 202317 |a BIBMAT |b BIBMAT |d 2019-11-14 |i 269431K |o 516.0028 CAB 1991 |p 269431K |r 2025-01-07 |w 2019-11-14 |y BK |k MAT | ||